Т. II. Ч. 1: Динамика продукции. Динамика цен капитальных вложений; Воспроизводство и ценообразование. Теория исследования системной статистики

Detalles Bibliográficos
Parent link:Воспроизводство и ценообразование. Теория исследования системной статистики/ К. К. Вальтух; Российская академия наук (РАН), Сибирское отделение (СО), Институт экономики и организации промышленного производства (ИЭОПП). Т. II. Ч. 1: Динамика продукции. Динамика цен капитальных вложений.— , 2009-
Sumario:Систематически исследована динамика условно-чистой продукции -на макроуровне (25 стран, индустриально высоко- и среднеразвитых) и отраслевом уровне (21 страна), а также динамика валового выпуска (США, макроуровень и отраслевой уровень). Статистика охватывает, как правило, период, в течение которого прошло более половины истории экономического роста в рассматриваемых странах. Найдены и проанализированы тренды изучаемых величин (во многих случаях циклические) и флуктуации текущей динамики по отношению к трендам. Динамика продукции сопоставлена с динамикой основных производственных фондов; статистически опровергнуто широко распространенное в литературе представление, будто степень использования производственного потенциала основных производственных фондов стабильна (почти стабильна). Получен ряд выводов относительно особенностей современных процессов воспроизводства. Исследование базируется на использовании методов, разработанных в теории вероятностей. Рассмотрены распределения изучаемых величин по вероятности. Уточнена и систематически реализована экспериментальная методика соизмерения устойчивой и случайной составляющих этих распределений. Широко используются регрессионные модели. Книга предназначена для научных работников, преподавателей экономической теории, аспирантов и студентов.
Lenguaje:ruso
Publicado: 2010
Materias:
Formato: Libro
KOHA link:https://koha.lib.tpu.ru/cgi-bin/koha/opac-detail.pl?biblionumber=193555

MARC

LEADER 00000nam2a2200000 4500
001 193555
005 20231101224509.0
010 |a 9785803704850 
035 |a (RuTPU)RU\TPU\book\211099 
090 |a 193555 
100 |a 20110324d2010 k y0rusy50 ca 
101 0 |a rus 
102 |a RU 
105 |a a z 001zy 
200 0 |a Т. II. Ч. 1: Динамика продукции. Динамика цен капитальных вложений 
210 |d 2010 
215 |a 768 с.  |c ил. 
320 |a Библиогр.: с. 727-732. 
330 |a Систематически исследована динамика условно-чистой продукции -на макроуровне (25 стран, индустриально высоко- и среднеразвитых) и отраслевом уровне (21 страна), а также динамика валового выпуска (США, макроуровень и отраслевой уровень). Статистика охватывает, как правило, период, в течение которого прошло более половины истории экономического роста в рассматриваемых странах. Найдены и проанализированы тренды изучаемых величин (во многих случаях циклические) и флуктуации текущей динамики по отношению к трендам. Динамика продукции сопоставлена с динамикой основных производственных фондов; статистически опровергнуто широко распространенное в литературе представление, будто степень использования производственного потенциала основных производственных фондов стабильна (почти стабильна). Получен ряд выводов относительно особенностей современных процессов воспроизводства. Исследование базируется на использовании методов, разработанных в теории вероятностей. Рассмотрены распределения изучаемых величин по вероятности. Уточнена и систематически реализована экспериментальная методика соизмерения устойчивой и случайной составляющих этих распределений. Широко используются регрессионные модели. Книга предназначена для научных работников, преподавателей экономической теории, аспирантов и студентов. 
461 1 |0 (RuTPU)RU\TPU\book\194222  |t Воспроизводство и ценообразование. Теория исследования системной статистики  |f К. К. Вальтух  |g Российская академия наук (РАН), Сибирское отделение (СО), Институт экономики и организации промышленного производства (ИЭОПП)  |v Т. II. Ч. 1: Динамика продукции. Динамика цен капитальных вложений  |d 2009-  
606 1 |a Экономическая теория  |2 stltpush  |3 (RuTPU)RU\TPU\subj\26589  |9 50481 
606 1 |a Цена и ценообразование  |2 stltpush  |3 (RuTPU)RU\TPU\subj\18111  |9 43632 
606 1 |a Капитальные вложения  |2 stltpush  |3 (RuTPU)RU\TPU\subj\13797  |9 40359 
610 1 |a продукция 
610 1 |a статистика 
610 1 |a макроуровень 
610 1 |a циклическая динамика 
610 1 |a ВВП 
610 1 |a валовой национальный продукт 
610 1 |a экономические циклы 
610 1 |a основные фонды 
610 1 |a динамика 
610 1 |a устойчивость 
610 1 |a темы 
610 1 |a рост 
610 1 |a отрасли промышленности 
610 1 |a Япония 
610 1 |a сельское хозяйство 
610 1 |a энергетика 
610 1 |a строительство 
610 1 |a машиностроение 
610 1 |a транспорт 
610 1 |a относительные цены 
686 |a У011  |2 rubbk 
686 |a У9(2)0-56  |2 rubbk 
686 |a У9(2)0-861  |2 rubbk 
801 1 |a RU  |b 63413507  |c 20110324 
801 2 |a RU  |b 63413507  |c 20120229  |g RCR 
942 |c BK